Sociokulturní problematika žen v managementu hotelových služeb se zaměřením na rovné příležitosti

Špecifiká manažmentu hotelových zariadení vo vzťahu k ženám a genderová politika v odvetví hoteliérstva a gastronómie. Tvorba a implementácia stratégie pracovnej rovnosti a rovnakých príležitostí u žien a mužov na jednotlivých pracovných pozíciách v hoteliérstve.

Gespeichert in:
Bibliographische Detailangaben
1. Verfasser: Merhaut, Marek
Format: Buchkapitel
Sprache:Tschechisch
Schlagworte:
Tags: Tag hinzufügen
Keine Tags, Fügen Sie das erste Tag hinzu!

MARC

LEADER 00000naa a2200000 4500
001 0229511
005 20220805075636.8
041 0 |a cze 
044 |a CZ 
245 1 0 |a Sociokulturní problematika žen v managementu hotelových služeb se zaměřením na rovné příležitosti  |c Marek Merhaut 
520 |a Špecifiká manažmentu hotelových zariadení vo vzťahu k ženám a genderová politika v odvetví hoteliérstva a gastronómie. Tvorba a implementácia stratégie pracovnej rovnosti a rovnakých príležitostí u žien a mužov na jednotlivých pracovných pozíciách v hoteliérstve. 
610 2 0 |a vzťahy genderové 
610 2 0 |a rovnosť rodová 
610 2 0 |a manažment 
610 2 0 |a manažéri 
610 2 0 |a inovácie sociálne 
610 2 0 |a gastronómia 
610 2 0 |a hotelierstvo 
610 2 0 |a sociometria 
100 1 |a Merhaut, Marek